Datum a čas kvízu

26 Celkem bodů Celkový počet nahraných bodů na tomto kvízu bez doplňovacích otázek.
5. Pořadí na kvízu Konečné umístění týmu na tomto kvízu.

Zaznamenané odpovědi

# Otázka Odpověď Body Výsledky
1. Která česká zoologická zahrada... Zoo Plzeň 0
2. Koho si vybral Kim Čong-un jak... A 1
3. Napište jméno skotského herce... Iain Glen; Hra o trůny 1
4. V pondělí byl vládou zrušen od... NERV (Národní ekonomická rada vlády) 0
5. Ze kterého města pochází tým,... ze Seattlu 0
6. Hned v úvodu bod rozdělíme: za... Ulánbátar; Altaj 1
7. Z následujících možností vyber... A 0
8. Jak se jmenuje hudební skupina... The Hu 1
9. Které náboženství je v Mongols... buddhismus (lamaismus) 0
10. Do Mongolska zasadila děj svéh... babičce 0